How to start a cooperative.

Bibliographic Details
Corporate Author: United States. Department of Agriculture. Economics, Statistics, and Cooperatives Service
Format: Government Document Book
Language:English
Published: [Washington] : Dept. of Agriculture, Economics, Statistics, and Cooperatives Service, [1979]
Edition:[Rev. Jan. 1972, slightly rev. July 1979.].
Series:Cooperative information report ; no. 7.
Subjects:

MARC

Tag First Indicator Second Indicator Subfields
LEADER 00000cam a2200000 i 4500
001 in00000802417
005 20151017103834.0
008 791101s1979 dcua f00010 eng d
010 |a gp 80001877  
020 |c pbk. 
035 |a (OCoLC)05653760 
035 |9 ADT8289AM 
037 |b 20250 
040 |c GPO  |d MvI-ocm  |d UtOrBLW 
043 |a n-us--- 
074 |a 65-B 
086 0 |a A 105.38/2:7 
110 1 |a United States.  |b Department of Agriculture.  |b Economics, Statistics, and Cooperatives Service. 
245 1 0 |a How to start a cooperative. 
250 |a [Rev. Jan. 1972, slightly rev. July 1979.]. 
264 1 |a [Washington] :  |b Dept. of Agriculture, Economics, Statistics, and Cooperatives Service,  |c [1979] 
300 |a i, 18 pages :  |b illustrations ;  |c 26 cm. 
336 |a text  |b txt  |2 rdacontent 
337 |a unmediated  |b n  |2 rdamedia 
338 |a volume  |b nc  |2 rdacarrier 
490 1 |a Cooperative information report ; no. 7 
500 |a "Formerly Farmer Cooperative Service Education circular 18." 
650 0 |a Agriculture  |z United States  |x Societies, etc. 
650 0 |a Cooperative societies  |z United States. 
830 0 |a Cooperative information report ;  |v no. 7. 
999 |a MARS 
999 f f |s ec3e7060-e16a-312c-a0dc-e9248adbe62c  |i d8d6c129-baaa-38ad-a887-88f0a9c42053  |t 0 
952 f f |p normal  |a Texas A&M University  |b College Station  |c Sterling C. Evans Library  |d Evans: US Documents (Annex 5th floor)  |t 0  |e A 105.38/2:7  |h Superintendent of Documents classification  |i unmediated -- volume  |m A14816819715 
998 f f |a A 105.38/2:7  |t 0  |l Evans: US Documents (Annex 5th floor)